| 000 | 00338nam a2200109Ia 4500 | ||
|---|---|---|---|
| 005 | 20251222114346.0 | ||
| 008 | 251222s1900||||xx |||||||||||||| ||spa|| | ||
| 082 | _aDVD192.2/D79/2000 | ||
| 245 | 0 | _aDios es familia: familias para el tercer milenio | |
| 264 | _bUniversidad Católica Sedes Sapientiae. El Centro Producciones | ||
| 942 | _cDVD | ||
| 999 |
_c1058 _d1058 |
||